Rivals Character Descriptions Sudden Death - Statistics

General Stats
  • This quiz has been taken 5 times
  • The average score is 13 of 14
Answer Stats
Hint Answer % Correct
Bar owner who likes polo Bas Baddingham
100%
Tv station double agent struggling with hiding his relationship Charles Fairburn
100%
Ex BBC journalist and co founder of Venturer Declan O'Hara
100%
Humble financier torn between his old life and a new love affair Freddie Jones
100%
The author of saucy novels with an insipid tv presenter husband Lizzie Vereker
100%
Actress who feels unappreciated by her husband Maud O'Hara
100%
Philanderer and ex olympic show jumper Rupert Campbell Black
100%
Wife of tory MP who enjoys playing naked tennis Sarah Stratton
100%
Chef with a massive crush Taggie O'Hara
100%
Tweed wearing peacock enthusiast with deep pockets Lady Monica Baddingham
80%
Evil owner of Corinium Tony Baddingham
80%
Eccentric dresser struggling to be accepted by high society Valerie Jones
80%
Confident female tv producer Cameron Cook
60%
Production assistant exploited and invalidated by a patriarchal system Daysee Butler
60%
No matching quizzes found
Score Distribution
Percent of People with Each Score
Percentile by Number Answered
Your Score History
You have not taken this quiz